[Event "SVK-ch Seniors-A"]
[Site "Tatranske Matliare"]
[Date "2010.06.??"]
[Round "7"]
[White "Marko, Jan"]
[Black "Tkac, Peter"]
[Result "1/2-1/2"]
[WhiteElo "1861"]
[BlackElo "1773"]
[PlyCount "28"]
[EventDate "2010.06.06"]
[EventType "swiss"]
[EventRounds "9"]
[EventCountry "SVK"]
[SourceTitle "EXT 2023"]
[Source "ChessBase"]
[SourceDate "2022.10.05"]
[SourceVersion "1"]
[SourceVersionDate "2022.10.05"]
[SourceQuality "1"]

1. d4 d5 2. c4 e6 3. Nf3 Nf6 4. Nc3 Be7 5. e3 c6 6. Bd3 Nbd7 7. 0-0 0-0 8. b3 b6 9. Bb2 Bb7 10. cxd5 cxd5 11. Rc1 a6 12. Na4 Rc8 13. Qe2 b5 14. Nc3 b4 1/2-1/2

[Event "SVK-ch Seniors-A"]
[Site "Tatranske Matliare"]
[Date "2010.06.??"]
[Round "8"]
[White "Tkac, Peter"]
[Black "Puobis, Jozef"]
[Result "0-1"]
[WhiteElo "1773"]
[BlackElo "1974"]
[PlyCount "70"]
[EventDate "2010.06.06"]
[EventType "swiss"]
[EventRounds "9"]
[EventCountry "SVK"]
[SourceTitle "EXT 2023"]
[Source "ChessBase"]
[SourceDate "2022.10.05"]
[SourceVersion "1"]
[SourceVersionDate "2022.10.05"]
[SourceQuality "1"]

1. e4 e5 2. Nf3 Nf6 3. Nxe5 d6 4. Nf3 Nxe4 5. Qe2 Qe7 6. d3 Nf6 7. Bg5 Qxe2+ 8. Bxe2 Nd5 9. a3 Nc6 10. c4 Nde7 11. Nc3 h6 12. Bxe7 Bxe7 13. 0-0 0-0 14. Nd5 Bd8 15. Rac1 Be6 16. Nc3 Bf6 17. Rfd1 Nd4 18. Nxd4 Bxd4 19. b4 c6 20. Rc2 Rfd8 21. Bf3 Rab8 22. Ne2 Bf6 23. d4 Bf5 24. Rcc1 Re8 25. d5 Bb2 26. a4 Bxc1 27. Rxc1 cxd5 28. Bxd5 Rxe2 29. Bf3 Rb2 30. b5 b6 31. Ra1 Bc2 32. g4 Bb3 33. Bd5 Rc2 34. Re1 Bxc4 35. Bc6 Kf8 0-1

[Event "SVK-ch Seniors-A"]
[Site "Tatranske Matliare"]
[Date "2009.??.??"]
[Round "6"]
[White "Lonc, Augustin"]
[Black "Tkac, Peter"]
[Result "1/2-1/2"]
[WhiteElo "1875"]
[BlackElo "1783"]
[PlyCount "46"]
[EventDate "2009.05.31"]
[EventType "swiss"]
[EventRounds "9"]
[EventCountry "SVK"]
[SourceTitle "EXT 2023"]
[Source "ChessBase"]
[SourceDate "2022.10.05"]
[SourceVersion "1"]
[SourceVersionDate "2022.10.05"]
[SourceQuality "1"]

1. c4 Nf6 2. Nf3 Nc6 3. g3 e5 4. Bg2 Bc5 5. Nc3 d5 6. cxd5 Nxd5 7. Ne4 Bb6 8. 0-0 f5 9. Nc3 Nxc3 10. dxc3 Qxd1 11. Rxd1 e4 12. Ng5 h6 13. Nh3 g5 14. Kf1 Ne5 15. Be3 Bxe3 16. fxe3 Ng4 17. Kg1 Nxe3 18. Rd2 Nxg2 19. Kxg2 b6 20. e3 Ba6 21. Rad1 Bb5 22. Rd4 Bd3 23. Nf2 Rd8 1/2-1/2

[Event "SVK-ch Seniors-A"]
[Site "Tatranske Matliare"]
[Date "2009.??.??"]
[Round "9"]
[White "Sopko, Rudolf"]
[Black "Tkac, Peter"]
[Result "1-0"]
[WhiteElo "1955"]
[BlackElo "1783"]
[PlyCount "67"]
[EventDate "2009.05.31"]
[EventType "swiss"]
[EventRounds "9"]
[EventCountry "SVK"]
[SourceTitle "EXT 2023"]
[Source "ChessBase"]
[SourceDate "2022.10.05"]
[SourceVersion "1"]
[SourceVersionDate "2022.10.05"]
[SourceQuality "1"]

1. e4 d5 2. exd5 Nf6 3. Nc3 Nxd5 4. Nxd5 Qxd5 5. d4 Nc6 6. c3 Bf5 7. Be3 e6 8. Nf3 Be7 9. Be2 h6 10. 0-0 g5 11. Qb3 Qxb3 12. axb3 g4 13. Nd2 a6 14. f3 h5 15. Ne4 Kd7 16. Ng3 Bg6 17. fxg4 hxg4 18. Bxg4 f5 19. Bf3 Bd6 20. Bf2 Rag8 21. c4 f4 22. Ne2 Bd3 23. Rfe1 Bxe2 24. Rxe2 Rh6 25. c5 Be7 26. Kh1 Rgh8 27. h3 Nd8 28. d5 exd5 29. Bxd5 c6 30. Bf3 Ne6 31. Bg4 Rg8 32. Rd1+ Ke8 33. Rxe6 Rxg4 34. Rxh6 1-0

[Event "SVK-ch Seniors-A"]
[Site "Tatranske Matliare"]
[Date "2009.??.??"]
[Round "1"]
[White "Tkac, Peter"]
[Black "Vrbica, Ladislav"]
[Result "0-1"]
[WhiteElo "1783"]
[BlackElo "2012"]
[PlyCount "68"]
[EventDate "2009.05.31"]
[EventType "swiss"]
[EventRounds "9"]
[EventCountry "SVK"]
[SourceTitle "EXT 2023"]
[Source "ChessBase"]
[SourceDate "2022.10.05"]
[SourceVersion "1"]
[SourceVersionDate "2022.10.05"]
[SourceQuality "1"]

1. e4 c5 2. Nf3 d6 3. d4 cxd4 4. Nxd4 Nf6 5. Nc3 a6 6. Bg5 e6 7. Bc4 Be7 8. 0-0 Qc7 9. Bb3 Nc6 10. Re1 0-0 11. Nxc6 Qxc6 12. a4 h6 13. Bh4 b6 14. Qd3 Bb7 15. Re3 Rfe8 16. h3 Rad8 17. Bxf6 Bxf6 18. Rae1 Rc8 19. Nd1 b5 20. axb5 axb5 21. Rg3 b4 22. Qd2 Qc5 23. Qxh6 Kf8 24. Qc1 Qe5 25. Qe3 Qa5 26. Kh1 Rc5 27. f3 Bh4 28. Rg4 Bxe1 29. Qxe1 g6 30. Ne3 Ra8 31. Qg3 Qc7 32. Rf4 Ra1+ 33. Kh2 Kg7 34. Qg5 Rxg5 0-1